Quizz sur la ville de Nantes - Statistiques

Statistiques générales
  • Ce quiz a été pris 654 fois
  • Le résultat moyen est 9 sur 15
Statistiques - réponses
Hint Réponse % Correct
Quel est le principal fleuve qui traverse Nantes ? La Loire
98%
Quelle est la région de France où se trouve Nantes ? Pays de la Loire
94%
Quel club de football est basé à Nantes ? FC Nantes
87%
Quel est le surnom de cette équipe de football ? Les Canaris
74%
Dans quel château s'est déroulé cet événement ? Château des Ducs de Bretagne
73%
Quel écrivain célèbre, dont l'un de ses personnage est le Capitaine Nemo, a vécu à Nantes ? Jules Verne
72%
Combien de ponts traversent ce fleuve à Nantes ? 11
67%
Quel événement historique majeur s'est déroulé à Nantes en 1598 ? Edit de Nantes
62%
Quel musée nantais abrite une importante collection d'art classique ? Musée d'art
55%
Quel événement culturel annuel présente des œuvres d’art dans l’espace public à Nantes ? Le voyage à Nantes
49%
Quelle est la particularité architecturale du quartier de Trentemoult à Nantes ? La couleur
39%
Quel est le nom de la cathédrale de Nantes ? Saint Pierre
37%
Quel sauce nantaise à base de beurre, d'échalottes et de vin est célèbre dans la région ? Le beurre blanc
34%
Quel festival de musique de musique éclectique se déroule à moins de 30 km de Nantes Les nuits de l'Erdre
25%
Quel était le surnom de Nantes en raison de sa position géographique et des ses cours d'eaux jusqu’au milieu du XXe siècle ? La venise de l'ouest
17%
Aucun quiz correspondant
Distribution des résultats
% des personnes avec chaque résultat
Percentile par nombre de réponses
Votre historique - résultats
Vous n’avez pas pris ce quiz